| 000 | 01097nam a22002537a 4500 | ||
|---|---|---|---|
| 003 | OSt | ||
| 005 | 20250904145911.0 | ||
| 008 | 240426b ||||| |||| 00| 0 eng d | ||
| 040 | _c0 | ||
| 082 | _aDPer 621.317 Ie21 November 2022 v. 37 n. 11 | ||
| 100 |
_aHeidari, Milad. _eauthor. _956742 |
||
| 245 |
_aA high voltage gain ZVT quasi-Z-source converter with reduced voltage stress / _cMilad Heidari, Morteza Esteki, Sayed Ali Khajehoddin, and Hosein Farzanehfard. |
||
| 260 |
_aNew York ; _bThe Institute of Electrical and Electronics Engineers, Inc. , _cNovember 2022. |
||
| 300 |
_aVolume 37, pages 13696-13710 : _billustration ; _c28 cm. |
||
| 500 | _aIEEE Transactions on Power Electronics, vol. 37, no. 11, pages 13696-13710, November 2022. | ||
| 650 | 0 |
_aHigh-voltage techniques. _967147 |
|
| 650 | 0 |
_aSemiconductor diodes. _967145 |
|
| 650 | 0 |
_aSwitches. _965863 |
|
| 700 |
_aHeidari, Milad. _eauthor. _956742 |
||
| 700 |
_aEsteki, Morteza. _eauthor. _956743 |
||
| 700 |
_aKhajehoddin, Sayed Ali. _eauthor. _956744 |
||
| 700 |
_aFarzanehfard, Hosein. _eauthor. _956745 |
||
| 942 |
_2ddc _cPER |
||
| 999 |
_c20172 _d20172 |
||